Responses for Show #6889 - Thursday, July 24, 2014

2014 Teen Tournament quarterfinal game 4.

Contestants

[<< previous game]

Ananya Nrusimha, a sophomore from East Amherst, New York

Alan Koolik, a junior from Boca Raton, Florida

Kevin Huang, a senior from Irvine, California

[next game >>]

Jeopardy! Round responses

THE PRESIDENCY
THE SOUND OF WORDS
PRO SPORTS TEAMS
FICTIONAL CHARACTERS
INDOORS
OUTDOORS
    $200 6
4

Ananya
    $200 16
boom

Ananya
    $200 28
Heat

Alan
    $200 2
Nancy Drew

Kevin
    $200 11
hammers

Alan
    $200 21
hydrants

Alan
    $400 5
(Kevin: What is 45 Pennsylvania Avenue?)

1600 Pennsylvania Avenue

KevinAlan
    $400 17
(Ananya: What is chop?)

peal (peel)

AlanAnanya
    $400 29
the Jacksonville Jaguars

Alan
    $400 7
Jean Valjean

Kevin
    $400 12
the kitchen

Alan
    $400 22
chalk

Ananya
    $600 4
35

Alan
    $600 18
(Kevin: What is chirp?)
...
(Alex: [*], yes. Bees.)

buzz

KevinAnanya
    $600 30
(Ananya: Who are the Red Sox?)
...
(Alex: The Boston [*]. Yes, indeed. Basketball champions.)

Celtics

AlanAnanya
    $600 8
Jane Eyre

Ananya
    $600 13
(Ananya: What are Tupperware containers?)

milk crates

AlanAnanya
    $600 23
capture the flag

Alan
    $800 3
the Oval Office

Alan
    $800 19
Crunch

Ananya
    $800 27
Ottawa Senators

Ananya
    $800 9
The Outsiders

Ananya
    $800 14
(Kevin: What is apartment number?)

three bedrooms, three bathrooms

KevinAlan
    $800 24
hammock

Kevin
    $1000 1
helicopter

Ananya
    $1000 20
(Kevin: What is low?)

wail

KevinAlan
    $1000 26
Milwaukee Brewers

Triple Stumper
    $1,000 10
(Ananya: What is Don Quixote?)
(Alex: No. What is [*] by Ernest Hemingway.)

The Old Man and the Sea

Ananya
    $1000 15
den

Ananya
    $1000 25
kiosk

Triple Stumper

Scores at the first commercial break (after clue 15):

Kevin Alan Ananya
-$600 $3,800 $2,000

Scores at the end of the Jeopardy! Round:

Kevin Alan Ananya
-$1,400 $7,200 $3,800

Double Jeopardy! Round responses

COOL BUILDINGS
THE VOICE
THE MIDDLE AGES
BRIDGE OVER THE RIVER...
THE GENIUS BAR
USE YOUR "HEAD"
    $400 16
Ark

Ananya
    $400 21
Scooby-Doo

Ananya
    $400 2
the Roman Empire

Alan
    $400 11
the Seine

Ananya
    $400 6
Einstein

Alan
    $400 26
(Alan: What is a metalhead?)
(Ananya: What is a skinhead?)

headbanger

AlanAnanya
Triple Stumper
    $800 17
Kentucky Fried Chicken

Ananya
    $800 22
Futurama

Triple Stumper
    $800 3
the Renaissance

Ananya
    $800 12
(Ananya: What is the Brook...?)

the Hudson

KevinAnanya
    $800 7
Galileo

Alan
    $800 27
headlock

Alan
    $1200 18
Happy Meal

Kevin
    $1200 23
Elmer Fudd

Alan
    $1,500 4
Gothic

Ananya
    $1200 13
the Mississippi

Kevin
    $1200 8
calculus

Ananya
    $1200 28
head shrinking

Alan
    $1600 19
fish

Ananya
    $1600 24
The Fairly OddParents

Ananya
    $1600 1
the Crusades

Ananya
    $1600 14
the Mekong

Kevin
    $600 9
Marie Curie

Ananya
    $1600 29
(Alex: This is a little more complicated. He [*].)

hits the nail on the head

Triple Stumper
    $2000 20
Alberta

Ananya
    $2000 25
The Lego Movie

Alan
    $2000 5
Thomas Aquinas

Triple Stumper
    $2000 15
the Arno

Kevin
    $2000 10
(Tycho) Brahe

Alan
    $2000 30
(Kevin: Who is the Legend of Sleepy Hollow?)
...
(Alex: [*], yes. The correct response had to contain the word "head".)

the Headless Horseman

KevinAlan

Scores at the end of the Double Jeopardy! Round:

Kevin Alan Ananya
$3,400 $17,600 $15,500

Final Jeopardy! Round responses

NOVEL WORDS
[Alex specifies that "OED" means "Oxford English Dictionary".]
KevinWhat is a muggle?
$3,400
AnanyaWhat is powerless?
$8,699
AlanWhat is a muggle?
$13,401
a muggle

Final scores:

Kevin Alan Ananya
$6,800 $31,001 $6,801
3rd place: $5,000 if eliminated Automatic semifinalist 2nd place: $5,000 if eliminated

Game dynamics:

Coryat scores:

Kevin Alan Ananya
$3,400 $17,600 $17,200
8 R,
5 W
23 R,
1 W
22 R
(including 2 DDs),
6 W
(including 1 DD)

Combined Coryat: $38,200

[game clues] [game scores] [suggest correction]

Game tape date: 2014-03-04
The J! Archive is created by fans, for fans. Scraping, republication, monetization, and malicious use prohibited; this site may use cookies and collect identifying information. See terms. The Jeopardy! game show and all elements thereof, including but not limited to copyright and trademark thereto, are the property of Jeopardy Productions, Inc. and are protected under law. This website is not affiliated with, sponsored by, or operated by Jeopardy Productions, Inc. Join the discussion at JBoard.tv.